Effect of gonadotrophin and testosterone preparations on reproductive traits ...

Bibliographic Details
Main Authors: Kishk, Walied (Author), Awad, Mohamed (Author), El-Sayes, Mohamed (Author), Soliman, El-Sayed (Author), Yousif, Sohair (Author)
Format: Article
Language:Slovak
English
PhysicalDescription:Obr., tab.
ISSN:0551-3677
Subjects:

MARC

LEADER 00000nab a2200000 a 4500
001 vtls000752668
003 SK-MaSNL
005 20260304124358.0
008 250429c2000 xo 0 slo
015 |a SNBRB2001/03-11830 
035 |a CLN000104456 
035 |a urn:nbn:sk:snk-ab1l9j 
035 |a (urnnbn)urn:nbn:sk:snk:ar-004d78 
035 |a (uuid)6ed9134f-2f22-43a4-b912-818a5ae2a61f 
040 |a SNKBUCL  |b slo  |c SNKBUCL  |e AACR2 
041 0 |a eng 
044 |a xo  |c SK 
080 |a 636.32/.38.054.082:577.175.6  |2 1997 
080 |a 619:612.616.3  |2 1997 
080 |a 612.616.3-019  |2 1997 
080 |a 577.175.6  |2 1997 
245 0 0 |a Effect of gonadotrophin and testosterone preparations on reproductive traits ...  |c Walied Kishk ... [et al.] 
300 |b Obr., tab. 
504 |a Res. angl., slov. 
504 |a Bibliogr. odkazy 
650 0 7 |a barany  |2 SNKPH  |9 889945 
650 0 7 |a testosterón  |2 SNKPH  |9 14956 
650 0 7 |a gonadotropín  |2 SNKPH  |9 20513 
650 0 7 |a spermatogenéza  |2 SNKPH  |9 20118 
650 0 7 |a sexuálne správanie  |2 SNKPH  |9 71363 
650 0 7 |a rozmnožovanie živočíchov  |2 SNKPH  |9 73777 
655 7 |a články z novín a časopisov  |2 SNK  |9 267496 
700 1 |a Kishk, Walied  |4 aut  |9 1435243 
700 1 |a Awad, Mohamed  |4 aut  |9 1435244 
700 1 |a El-Sayes, Mohamed  |4 aut  |9 1435245 
700 1 |a Soliman, El-Sayed  |4 aut  |9 1435246 
700 1 |a Yousif, Sohair  |4 aut  |9 1435247 
773 0 |t Poľnohospodárstvo  |g Roč. 46, č. 9 (2000), s. 706-720  |x 0551-3677 
850 |a Slovenská národná knižnica 
852 |a Slovenská národná knižnica 
954 |a odborná, vedecká literatúra cudzojazyčná (svetová)  |2 lita 
958 |a article27 
958 |a NB 
958 |a OND 
958 |a EUIPO 
992 |a RBX 
999 |c 2891221  |d 2893151